000 00519nam a22001697a 4500
003 OSt
005 20180116183107.0
008 170830b xxu||||| |||| 00| 0 eng d
020 _a9780550118233
040 _c0
082 _a413.1 KIR 1986
100 _aEdited by E.M. Kirkpatrick and C.M. Schwarz
245 _aChambers
_bIdioms
_cEdited by E.M. Kirkpatrick and C.M. Schwarz
260 _aUK
_bKyodo Shing Loong Printing Industries Pte. Ltd.
_c1986
440 _aChambers Idioms
942 _2ddc
_cBK
_k413.1 KIR 1986
999 _c352081
_d352081